000 01206nmc a2200433 a 4500
003 AR-BaBNM
005 20251128203211.0
008 136019s1977 ||||||||||||||000 | spa||
020 _a84-249-0137-1
040 _cAR-BaBNM
100 1 _aAlonso, Amado
245 1 0 _aMateria y forma en poesía
250 _a3ª ed.
260 _aMadrid
_bGredos
_c1977
300 0 _a402 p.
490 0 _aBiblioteca Románica Hispánica. Estudios y Ensayos
_vv. 2
500 0 _aContiene índice de nombres propios en p. 397
600 1 4 _aVossler, Karl
600 1 4 _aVega, Lope de
_d1562-1635
600 1 4 _aMallea, Eduardo
600 1 4 _aGonzález Lanuza, Eduardo
600 1 4 _aDarío, Rubén
600 1 4 _aGroussac, Paul
600 1 4 _aBorges, Jorge Luis
600 1 4 _aValle Inclán, Ramón
600 1 4 _aPérez Galdós, Benito
650 4 _aLITERATURA ARGENTINA
650 4 _aHISTORIA LITERARIA
650 4 _aPOESIA
650 4 _aANALISIS LITERARIO
650 4 _aCRITICA LITERARIA
650 4 _aINVESTIGACION LITERARIA
650 4 _aESTILO LITERARIO
650 4 _aLITERATURA ESPANOLA
655 _aLITERATURA
800 1 _aAlonso, Dámaso
_edirector
942 _cBK
998 _cisola
999 _c2354
_d2354